[Event "Titled Tuesday intern op 29th Aug Late"]
[Site "Chess.com INT"]
[Date "2023.08.29"]
[Round "5"]
[White "Nasuta, Grzegorz"]
[Black "Okara, Andrey"]
[Result "1-0"]
[WhiteElo "2544"]
[BlackElo "2341"]
[PlyCount "73"]
[EventDate "2023.08.29"]
[EventType "swiss (blitz)"]
[EventRounds "11"]
[EventCountry "USA"]
[SourceTitle "EXT 2024"]
[Source "ChessBase"]
[SourceDate "2023.10.10"]
[SourceVersion "1"]
[SourceVersionDate "2023.10.10"]
[SourceQuality "1"]

1. e4 e5 2. Nf3 Nc6 3. Bc4 Nf6 4. d3 Be7 5. 0-0 0-0 6. Re1 d6 7. a4 h6 8. a5 a6 9. h3 Be6 10. Nbd2 Re8 11. Bxe6 fxe6 12. Nc4 Nh7 13. c3 Ng5 14. Bxg5 Bxg5 15. b4 Bf6 16. Qb3 Qd7 17. b5 Ne7 18. Reb1 Ng6 19. g3 Rf8 20. Kg2 Qf7 21. bxa6 bxa6 22. Ra2 Be7 23. Qd1 Qe8 24. Rb7 Qc6 25. Qb3 Kh7 26. Rb2 Bf6 27. Ne3 Qd7 28. Qc4 Bd8 29. h4 Qf7 30. Nh2 Bxh4 31. gxh4 Nxh4+ 32. Kf1 Qf4 33. Kg1 Qg5+ 34. Kf1 Qxe3 35. Qxc7 Qh3+ 36. Ke1 Ng2+ 37. Kd2 1-0

[Event "Titled Tuesday intern op 29th Aug Late"]
[Site "Chess.com INT"]
[Date "2023.08.29"]
[Round "6"]
[White "Okara, Andrey"]
[Black "Ovezdurdiyeva, Jemal"]
[Result "1-0"]
[WhiteElo "2341"]
[BlackElo "2057"]
[PlyCount "83"]
[EventDate "2023.08.29"]
[EventType "swiss (blitz)"]
[EventRounds "11"]
[EventCountry "USA"]
[SourceTitle "EXT 2024"]
[Source "ChessBase"]
[SourceDate "2023.10.10"]
[SourceVersion "1"]
[SourceVersionDate "2023.10.10"]
[SourceQuality "1"]

1. e4 d6 2. d4 Nf6 3. Nc3 g6 4. h3 c6 5. a4 Bg7 6. g4 a6 7. Bg2 Nbd7 8. Nge2 e5 9. 0-0 0-0 10. Be3 Qe7 11. Ng3 Re8 12. Qd2 Nf8 13. f4 exf4 14. Bxf4 Ne6 15. Be3 c5 16. dxc5 dxc5 17. g5 Nd7 18. Nd5 Qd8 19. Qf2 Rf8 20. Nf6+ Kh8 21. Rad1 Bxf6 22. gxf6 Qb6 23. b3 Ne5 24. Rd5 Nc6 25. Rxc5 Nxc5 26. Bxc5 Qd8 27. Qf4 Rg8 28. e5 b6 29. Bxc6 Bxh3 30. Be7 Qc8 31. Bg2 Bxg2 32. Kxg2 Qxc2+ 33. Rf2 Qc6+ 34. Qe4 Qe6 35. Qf3 Qxe5 36. Ne4 Qb8 37. Nd6 Rf8 38. Qd5 Ra7 39. Nxf7+ Rxf7 40. Qxf7 Qg8 41. Qxg8+ Kxg8 42. f7+ 1-0

[Event "Titled Tuesday intern op 29th Aug Late"]
[Site "Chess.com INT"]
[Date "2023.08.29"]
[Round "2"]
[White "Zampronha, Wladimir Camilo"]
[Black "Okara, Andrey"]
[Result "0-1"]
[WhiteElo "2170"]
[BlackElo "2341"]
[PlyCount "74"]
[EventDate "2023.08.29"]
[EventType "swiss (blitz)"]
[EventRounds "11"]
[EventCountry "USA"]
[SourceTitle "EXT 2024"]
[Source "ChessBase"]
[SourceDate "2023.10.10"]
[SourceVersion "1"]
[SourceVersionDate "2023.10.10"]
[SourceQuality "1"]

1. e4 e5 2. Nf3 Nc6 3. d4 exd4 4. Nxd4 Bc5 5. Be3 Bb6 6. Nf5 d5 7. Bxb6 Bxf5 8. Bxc7 Qxc7 9. exf5 0-0-0 10. Be2 Nf6 11. 0-0 g6 12. fxg6 hxg6 13. h3 Qe5 14. Nc3 d4 15. Nb5 Kb8 16. Qd2 Ne4 17. Qd3 f5 18. Na3 g5 19. Qb5 Rd5 20. Qd3 g4 21. f4 Qe6 22. hxg4 fxg4 23. Bxg4 Qxg4 24. Qxe4 Rdh5 25. Kf2 Rf5 26. Kg1 Rfh5 27. Kf2 Qh4+ 28. Kg1 Rg8 29. Rae1 Qh2+ 30. Kf2 Qg3+ 31. Kg1 Rgh8 32. Qe8+ Rxe8 33. Rxe8+ Kc7 34. Re2 Rh2 35. Rf3 Qh4 36. g3 Rh1+ 37. Kg2 Qh2# 0-1

[Event "Elets Rector Cup"]
[Site "Elets"]
[Date "2014.08.05"]
[Round "4"]
[White "Kargin, Arseny"]
[Black "Okara, Andrey"]
[Result "0-1"]
[WhiteElo "2442"]
[BlackElo "2345"]
[PlyCount "122"]
[EventDate "2014.08.02"]
[EventType "tourn"]
[EventRounds "9"]
[EventCountry "RUS"]
[EventCategory "9"]
[SourceTitle "EXT 2016"]
[Source "ChessBase"]
[SourceDate "2015.10.08"]
[SourceVersion "1"]
[SourceVersionDate "2015.10.08"]
[SourceQuality "1"]

1. e4 c5 2. Nf3 g6 3. d4 cxd4 4. Nxd4 Nf6 5. Nc3 d6 6. Be3 Bg7 7. f3 Nc6 8. Qd2 0-0 9. Bc4 Bd7 10. 0-0-0 Rc8 11. Bb3 Qa5 12. Kb1 Rfe8 13. g4 Ne5 14. h4 Rxc3 15. Qxc3 Qxc3 16. bxc3 a5 17. g5 Nh5 18. a3 Rc8 19. Bd2 a4 20. Bd5 Nc4 21. Bc1 e6 22. Bxc4 Rxc4 23. Ne2 Bf8 24. Rd4 Rc7 25. Re1 e5 26. Rd5 f5 27. gxf6 Bc6 28. Ra5 Nxf6 29. Bg5 Rf7 30. Ra8 Kg7 31. Rg1 Nd7 32. Ng3 h5 33. f4 exf4 34. Bxf4 Kh7 35. Be3 Be7 36. Bg5 Nb6 37. Bxe7 Nxa8 38. Bxd6 Nb6 39. e5 Nc4 40. Ne2 Nxd6 41. exd6 Rd7 42. Rd1 Bf3 43. Rd2 Bxe2 44. Rxe2 Rxd6 45. Re7+ Kh6 46. Rxb7 g5 47. hxg5+ Kxg5 48. c4 h4 49. Kb2 h3 50. c5 Rh6 51. Rg7+ Kf6 52. Rg1 h2 53. Rh1 Rh3 54. c6 Ke7 55. c7 Kd7 56. c8Q+ Kxc8 57. Kc1 Kc7 58. Kb2 Kc6 59. Kb1 Kc5 60. Ka2 Kd4 61. Kb2 Kc4 0-1

[Event "Elets Rector Cup"]
[Site "Elets"]
[Date "2014.08.03"]
[Round "2"]
[White "Okara, Andrey"]
[Black "Ivanov, Oleg V"]
[Result "0-1"]
[WhiteElo "2345"]
[BlackElo "2512"]
[PlyCount "132"]
[EventDate "2014.08.02"]
[EventType "tourn"]
[EventRounds "9"]
[EventCountry "RUS"]
[EventCategory "9"]
[SourceTitle "EXT 2016"]
[Source "ChessBase"]
[SourceDate "2015.10.08"]
[SourceVersion "1"]
[SourceVersionDate "2015.10.08"]
[SourceQuality "1"]

1. e4 c5 2. Nf3 Nc6 3. d4 cxd4 4. Nxd4 Nf6 5. Nc3 d6 6. Be2 g6 7. Nb3 Bg7 8. Be3 0-0 9. Qd2 Be6 10. Bh6 Rc8 11. Bxg7 Kxg7 12. h4 h5 13. f3 d5 14. exd5 Bxd5 15. Nxd5 Qxd5 16. Qxd5 Nxd5 17. c3 f5 18. Kf2 Kf6 19. Rhe1 Rfd8 20. Rad1 b6 21. Ba6 Rc7 22. Bb5 e5 23. Rd2 Nf4 24. Red1 Ne6 25. Na1 Rxd2+ 26. Rxd2 Na5 27. Nc2 Nc4 28. Bxc4 Rxc4 29. g3 Rc8 30. Nb4 Rd8 31. Rxd8 Nxd8 32. Ke3 Ke6 33. b3 b5 34. Nd3 Nc6 35. Nc5+ Kd6 36. Nd3 Kd5 37. Nf2 a5 38. Nd3 a4 39. Nc1 Na5 40. Kd3 Nb7 41. Kd2 Na5 42. Kd3 e4+ 43. Ke2 Ke6 44. Kf2 Kf6 45. Ke2 Ke6 46. Kf2 Kd5 47. Ke2 Nb7 48. Kf2 Nc5 49. Ke2 exf3+ 50. Kxf3 Ne4 51. Ne2 Ke5 52. Ke3 Nxg3 53. Nd4 Ne4 54. Nxb5 f4+ 55. Kd3 Nc5+ 56. Ke2 axb3 57. axb3 Nxb3 58. Na3 Kf5 59. Nc4 Kg4 60. Ne5+ Kxh4 61. Nxg6+ Kg3 62. Ne5 h4 63. Nd3 h3 64. Kf1 Nd2+ 65. Kg1 h2+ 66. Kh1 Ne4 0-1

[Event "RUS-chT 21st"]
[Site "Loo"]
[Date "2014.04.10"]
[Round "4.6"]
[White "Pogosian, Georgy"]
[Black "Okara, Andrey"]
[Result "1/2-1/2"]
[WhiteElo "2241"]
[BlackElo "2347"]
[PlyCount "95"]
[EventDate "2014.04.07"]
[EventType "team-swiss"]
[EventRounds "7"]
[EventCountry "RUS"]
[SourceTitle "CBM 160"]
[Source "ChessBase"]
[SourceDate "2014.05.15"]
[SourceVersion "1"]
[SourceVersionDate "2014.05.15"]
[SourceQuality "1"]
[WhiteTeam "Desnogorsk Atom"]
[BlackTeam "Yamal"]
[WhiteTeamCountry "RUS"]
[BlackTeamCountry "RUS"]

1. d4 d5 2. Nf3 Nf6 3. c4 c6 4. e3 e6 5. b3 c5 6. Bb2 Nc6 7. Nbd2 cxd4 8. exd4 g6 9. Be2 Bg7 10. 0-0 0-0 11. Ne5 Nd7 12. f4 Ne7 13. Bf3 b6 14. cxd5 exd5 15. Re1 Bb7 16. Ndc4 f6 17. Nxd7 Qxd7 18. Ba3 Nc8 19. Bxf8 Bxf8 20. Ne3 Qf7 21. a3 Nd6 22. b4 Ne4 23. Nxd5 Bxd5 24. Bxe4 a5 25. Bxd5 Qxd5 26. bxa5 Rxa5 27. a4 b5 28. axb5 Rxb5 29. Qe2 Qxd4+ 30. Kh1 Rb4 31. Ra8 Kg7 32. h3 Bd6 33. Rf1 Bxf4 34. Qe7+ Kh6 35. Ra7 Qf2 36. Qxh7+ Kg5 37. Ra5+ f5 38. Qe7+ Kh6 39. Qf8+ Kg5 40. Qd8+ Kh6 41. Qf8+ Kg5 42. Rxf5+ gxf5 43. Qg7+ Kh4 44. Qf6+ Kg3 45. Qg6+ Kh4 46. Qf6+ Kg3 47. Qg6+ Kh4 48. Qf6+ 1/2-1/2

[Event "RUS-chT 21st"]
[Site "Loo"]
[Date "2014.04.08"]
[Round "2.6"]
[White "Ionov, Sergey"]
[Black "Okara, Andrey"]
[Result "1/2-1/2"]
[WhiteElo "2538"]
[BlackElo "2347"]
[PlyCount "140"]
[EventDate "2014.04.07"]
[EventType "team-swiss"]
[EventRounds "7"]
[EventCountry "RUS"]
[SourceTitle "CBM 160"]
[Source "ChessBase"]
[SourceDate "2014.05.15"]
[SourceVersion "1"]
[SourceVersionDate "2014.05.15"]
[SourceQuality "1"]
[WhiteTeam "Chigorin CC"]
[BlackTeam "Yamal"]
[WhiteTeamCountry "RUS"]
[BlackTeamCountry "RUS"]

1. d4 d5 2. c4 c6 3. Nf3 Nf6 4. e3 e6 5. b3 c5 6. Bb2 Nc6 7. Nbd2 cxd4 8. exd4 g6 9. Bd3 Bg7 10. 0-0 0-0 11. Qe2 b6 12. Rac1 Bb7 13. Rfd1 Qe7 14. Ne5 Rac8 15. Ndf3 Rc7 16. Nxc6 Rxc6 17. Ne5 Rc7 18. c5 Nd7 19. Nxd7 Qxd7 20. b4 Qe7 21. Rb1 Rd8 22. Qe3 bxc5 23. bxc5 Qd7 24. Bc3 Re8 25. Bf1 Bc6 26. Ba6 Bb7 27. Bb5 Bc6 28. Ba6 Bb7 29. Be2 Rcc8 30. Rb2 Bc6 31. Rdb1 Qc7 32. f4 Re7 33. g3 Rce8 34. Qd2 f6 35. Bg4 Kf7 36. Ba5 Qc8 37. Rb3 Ba8 38. Bc3 Qc7 39. Ba5 Qc8 40. h4 Bc6 41. Kh2 Qa8 42. Bc3 Kg8 43. Qb2 e5 44. Rb8 Rxb8 45. Qxb8+ Qxb8 46. Rxb8+ Kf7 47. dxe5 fxe5 48. fxe5 Bxe5 49. Bxe5 Rxe5 50. Rc8 Bb7 51. Rb8 Re7 52. Bf3 Ke6 53. h5 gxh5 54. Bxh5 Rc7 55. Re8+ Kf6 56. Bd1 Rxc5 57. Rf8+ Kg7 58. Rd8 Rc7 59. Rd6 Kf8 60. Bb3 Ke7 61. Rh6 Kd8 62. Kg1 Rg7 63. Kf2 Kc7 64. Bc2 Rg5 65. Bxh7 Bc6 66. Bc2 d4 67. Rh4 Rd5 68. Be4 Rd7 69. Bxc6 Kxc6 70. Ke2 Re7+ 1/2-1/2

[Event "Athens Acropolis op-A 24th"]
[Site "Chalkida"]
[Date "2009.08.15"]
[Round "6"]
[White "Malikentzos, Sotirios"]
[Black "Okara, Andrey"]
[Result "1/2-1/2"]
[WhiteElo "2148"]
[BlackElo "2389"]
[PlyCount "24"]
[EventDate "2009.08.10"]
[EventType "swiss"]
[EventRounds "9"]
[EventCountry "GRE"]
[SourceTitle "CBM 131 Extra"]
[Source "ChessBase"]
[SourceDate "2009.09.03"]
[SourceVersion "2"]
[SourceVersionDate "2009.09.16"]
[SourceQuality "1"]

1. d4 d5 2. Nf3 c5 3. c4 cxd4 4. cxd5 Nf6 5. Qa4+ Qd7 6. Qxd4 Qxd5 7. Nc3 Qxd4 8. Nxd4 a6 9. g3 e5 10. Nc2 Bd7 11. Bg2 Bc6 12. 0-0 Bxg2 1/2-1/2

[Event "Athens Acropolis op-A 24th"]
[Site "Chalkida"]
[Date "2009.08.11"]
[Round "2"]
[White "Halkias, Stelios"]
[Black "Okara, Andrey"]
[Result "1-0"]
[WhiteElo "2564"]
[BlackElo "2389"]
[PlyCount "59"]
[EventDate "2009.08.10"]
[EventType "swiss"]
[EventRounds "9"]
[EventCountry "GRE"]
[SourceTitle "CBM 131 Extra"]
[Source "ChessBase"]
[SourceDate "2009.09.03"]
[SourceVersion "2"]
[SourceVersionDate "2009.09.16"]
[SourceQuality "1"]

1. d4 d5 2. c4 c6 3. Nf3 Nf6 4. Nc3 e6 5. Bg5 Nbd7 6. e3 Qa5 7. cxd5 Nxd5 8. Qd2 Bb4 9. Rc1 Nxc3 10. bxc3 Ba3 11. Rb1 0-0 12. Bd3 Re8 13. 0-0 Be7 14. Bf4 Qd8 15. Qc2 Nf8 16. c4 Bd6 17. Bxd6 Qxd6 18. c5 Qc7 19. Ne5 Bd7 20. Nc4 Reb8 21. Nd6 b6 22. Bc4 bxc5 23. dxc5 Qa5 24. Bb3 Rb4 25. h3 Rab8 26. f4 Be8 27. f5 Qd8 28. a3 Rh4 29. Qf2 Qf6 30. Qg3 1-0

[Event "Athens Acropolis op-A 24th"]
[Site "Chalkida"]
[Date "2009.08.10"]
[Round "1"]
[White "Okara, Andrey"]
[Black "Petraki, Maria"]
[Result "1-0"]
[WhiteElo "2389"]
[BlackElo "2030"]
[PlyCount "87"]
[EventDate "2009.08.10"]
[EventType "swiss"]
[EventRounds "9"]
[EventCountry "GRE"]
[SourceTitle "CBM 131 Extra"]
[Source "ChessBase"]
[SourceDate "2009.09.03"]
[SourceVersion "2"]
[SourceVersionDate "2009.09.16"]
[SourceQuality "1"]

1. e4 c5 2. Nf3 d6 3. d4 cxd4 4. Nxd4 Nf6 5. Nc3 a6 6. Be2 e5 7. Nb3 Be6 8. f4 exf4 9. Bxf4 Nc6 10. Qd3 Be7 11. 0-0-0 Ne5 12. Qg3 Qc7 13. Nd4 Rc8 14. Nxe6 fxe6 15. Bxe5 dxe5 16. Qxg7 Rf8 17. Rhf1 Bd6 18. Qh6 Ke7 19. Bh5 Nxh5 20. Qxh7+ Ke8 21. Qxh5+ Ke7 22. Qg5+ Ke8 23. Rxf8+ Bxf8 24. Qf6 Qf7 25. Qxf7+ Kxf7 26. Rd7+ Kf6 27. Nd1 Bh6+ 28. Kb1 Rc4 29. Nf2 b5 30. b3 Rc6 31. Ng4+ Kg5 32. Nxe5 Rc5 33. Nd3 Rc6 34. g3 Rb6 35. c3 Kg6 36. Ne5+ Kf6 37. Ng4+ Kg5 38. h3 Bf8 39. Kc2 Bd6 40. Rg7+ Kh5 41. e5 Bf8 42. Rg8 Be7 43. Nf6+ Kh6 44. g4 1-0

[Event "Heraklio op 13th"]
[Site "Heraklion"]
[Date "2009.06.20"]
[Round "8"]
[White "Okara, Andrey"]
[Black "Kosmas Lekkas, Dimitrios"]
[Result "0-1"]
[WhiteElo "2380"]
[BlackElo "2119"]
[PlyCount "56"]
[EventDate "2009.06.13"]
[EventType "swiss"]
[EventRounds "9"]
[EventCountry "GRE"]
[SourceTitle "EXT 2011"]
[Source "ChessBase"]
[SourceDate "2010.11.26"]
[SourceVersion "1"]
[SourceVersionDate "2010.11.26"]
[SourceQuality "1"]
[WhiteTeam "Greece"]
[BlackTeam "Turkey"]
[WhiteTeamCountry "GRE"]
[BlackTeamCountry "TUR"]

1. e4 c5 2. Nf3 Nc6 3. d4 cxd4 4. Nxd4 Nf6 5. Nc3 e5 6. Ndb5 d6 7. Nd5 Nxd5 8. exd5 Nb8 9. a4 Be7 10. Be2 0-0 11. 0-0 f5 12. Qe1 a6 13. Na3 Nd7 14. a5 e4 15. f4 exf3 16. Bxf3 Ne5 17. Be3 f4 18. Bb6 Qe8 19. Qb4 Qg6 20. Rae1 Bh4 21. Re4 Bh3 22. Kh1 Nxf3 23. gxh3 Nxh2 24. Rfxf4 Qg3 25. Qxd6 Nf1 26. Qe6+ Kh8 27. Rxf8+ Rxf8 28. Re2 Ne3 0-1

[Event "Heraklio op 13th"]
[Site "Heraklion"]
[Date "2009.06.18"]
[Round "6"]
[White "Okara, Andrey"]
[Black "Papadopoulou, Vera"]
[Result "1-0"]
[WhiteElo "2380"]
[BlackElo "2160"]
[PlyCount "79"]
[EventDate "2009.06.13"]
[EventType "swiss"]
[EventRounds "9"]
[EventCountry "GRE"]
[SourceTitle "EXT 2011"]
[Source "ChessBase"]
[SourceDate "2010.11.26"]
[SourceVersion "1"]
[SourceVersionDate "2010.11.26"]
[SourceQuality "1"]
[WhiteTeam "Greece"]
[BlackTeam "Turkey"]
[WhiteTeamCountry "GRE"]
[BlackTeamCountry "TUR"]

1. e4 c5 2. Nf3 d6 3. d4 cxd4 4. Nxd4 Nf6 5. Nc3 a6 6. Be2 e5 7. Nb3 Be7 8. Be3 0-0 9. g4 Be6 10. g5 Ne8 11. Qd2 Nc7 12. 0-0-0 Nb5 13. Nd5 Bxd5 14. exd5 Nd7 15. c4 Nd4 16. Bxd4 exd4 17. f4 Rc8 18. Kb1 Nc5 19. Nxd4 Re8 20. Bg4 Rc7 21. h4 Bf8 22. h5 Rce7 23. g6 fxg6 24. hxg6 h6 25. Ne6 Qb6 26. Qd4 Na4 27. Qxb6 Nxb6 28. Rd4 Nd7 29. b4 Nf6 30. Bf5 b6 31. Kc2 Ra7 32. Rb1 Be7 33. Rd2 Nd7 34. Nd4 Rc7 35. Kd3 Nf8 36. Re2 Ra8 37. Rbe1 Bh4 38. Re8 Rca7 39. R1e4 Bf6 40. Nc6 1-0

[Event "Moscow-ch sf"]
[Site "Moscow"]
[Date "2009.03.28"]
[Round "8"]
[White "Okara, Andrey"]
[Black "Munguntuul, Batkhuyag"]
[Result "1/2-1/2"]
[WhiteElo "2380"]
[BlackElo "2261"]
[PlyCount "45"]
[EventDate "2009.03.21"]
[EventType "swiss"]
[EventRounds "9"]
[EventCountry "RUS"]
[SourceTitle "EXT 2010"]
[Source "ChessBase"]
[SourceDate "2010.11.25"]
[SourceVersion "1"]
[SourceVersionDate "2010.11.25"]
[SourceQuality "1"]

1. c4 c6 2. e4 d5 3. exd5 cxd5 4. d4 Nf6 5. Nc3 e6 6. Nf3 Be7 7. cxd5 Nxd5 8. Bc4 Nb6 9. Bb3 Nc6 10. 0-0 0-0 11. Qd3 Kh8 12. Bf4 Nb4 13. Qe2 N6d5 14. Be5 b6 15. Rfe1 Ba6 16. Qd2 Rc8 17. a3 Nd3 18. Bc2 Nxe5 19. Rxe5 Bb7 20. Be4 Bd6 21. Rh5 Nf6 22. Bxb7 Nxh5 23. Bxc8 1/2-1/2

[Event "Moscow op-A"]
[Site "Moscow"]
[Date "2009.02.02"]
[Round "3"]
[White "Okara, Andrey"]
[Black "Mokshanov, Alexey"]
[Result "1/2-1/2"]
[WhiteElo "2394"]
[BlackElo "2185"]
[PlyCount "129"]
[EventDate "2009.01.31"]
[EventType "swiss"]
[EventRounds "9"]
[EventCountry "RUS"]
[SourceTitle "EXT 2022"]
[Source "ChessBase"]
[SourceDate "2021.10.06"]
[SourceVersion "1"]
[SourceVersionDate "2021.10.06"]
[SourceQuality "1"]

1. e4 e6 2. d4 d5 3. Nd2 Nf6 4. e5 Nfd7 5. f4 c5 6. c3 Nc6 7. Ndf3 Qb6 8. a3 Be7 9. b4 cxd4 10. cxd4 f6 11. Bd3 0-0 12. Ne2 Kh8 13. Bc2 a5 14. Qd3 f5 15. b5 Na7 16. a4 Qc7 17. 0-0 Nb6 18. Qd1 Nc4 19. Kh1 Bd7 20. Rg1 Be8 21. h3 h6 22. g4 g6 23. Ra2 Bf7 24. Bd3 Qd7 25. Ng3 Nc8 26. Rag2 N8b6 27. Nf1 Rg8 28. h4 Raf8 29. Bc2 Be8 30. Qd3 Bd8 31. N3h2 Qf7 32. Qh3 Qe7 33. Nf3 h5 34. gxh5 gxh5 35. Ng5 Bg6 36. Qf3 Qe8 37. Ng3 Bxg5 38. hxg5 Kg7 39. Rh2 Rh8 40. Rh4 Rh7 41. Rg2 Rfh8 42. Rgh2 Qf7 43. Bd1 Qe8 44. Kg1 Qf7 45. Qb3 Qe8 46. Nh1 Qe7 47. Nf2 Qc7 48. Nd3 Nd7 49. Kf2 Qb6 50. Be3 Rc8 51. Bxh5 Rch8 52. Qd1 Qc7 53. Qh1 Nd6 54. Nc5 Ne4+ 55. Nxe4 fxe4 56. Be2 Nf8 57. Rxh7+ Rxh7 58. Rxh7+ Bxh7 59. Qe1 Bf5 60. Qc1 Qd7 61. Qc5 Kg8 62. Qb6 Qh7 63. Ke1 Qh1+ 64. Kd2 Qg2 65. Ke1 1/2-1/2

[Event "Alushta Summer 2nd"]
[Site "Alushta"]
[Date "2008.06.??"]
[Round "3"]
[White "Okara, Andrey"]
[Black "Amanov, Zhanibek"]
[Result "0-1"]
[WhiteElo "2407"]
[BlackElo "2382"]
[PlyCount "164"]
[EventDate "2008.06.??"]
[EventType "tourn"]
[EventRounds "11"]
[EventCountry "UKR"]
[EventCategory "8"]
[SourceTitle "EXT 2009"]
[Source "ChessBase"]
[SourceDate "2008.11.26"]
[SourceVersion "1"]
[SourceVersionDate "2008.11.26"]
[SourceQuality "1"]

1. e4 c5 2. Nf3 d6 3. d4 cxd4 4. Nxd4 Nf6 5. Nc3 Nc6 6. Be2 g6 7. Be3 Bg7 8. 0-0 0-0 9. Qd2 Bd7 10. Nb3 a6 11. f4 Rc8 12. Rad1 b5 13. Bf3 Ng4 14. Bxg4 Bxg4 15. Rb1 Be6 16. f5 Bc4 17. Rfe1 Qc7 18. Bh6 b4 19. Bxg7 Kxg7 20. Ne2 Qb6+ 21. Kh1 Bxe2 22. Rxe2 Ne5 23. Rf1 Rc4 24. c3 bxc3 25. bxc3 Rcc8 26. Nd4 Nc6 27. Qg5 Nxd4 28. f6+ exf6 29. Qxf6+ Kg8 30. cxd4 Rc4 31. Rd2 Qd8 32. Qf2 Qe7 33. Re1 Rfc8 34. h3 Rc1 35. Kh2 Rxe1 36. Qxe1 Qg5 37. Qf2 Re8 38. Re2 h5 39. Qf3 Re6 40. Qg3 Qe7 41. Qf4 Kg7 42. Re3 a5 43. e5 dxe5 44. dxe5 Qc7 45. Re2 Kg8 46. Qe4 Kh7 47. Qd5 Re7 48. Kg1 Qc1+ 49. Kh2 Qf4+ 50. g3 Qf1 51. Qg2 Qf5 52. Qd5 a4 53. Qc5 Rd7 54. Rf2 Qe6 55. Qa5 h4 56. Qxa4 hxg3+ 57. Kxg3 Rd3+ 58. Rf3 Qxe5+ 59. Qf4 Rxf3+ 60. Kxf3 Qd5+ 61. Kg3 Qxa2 62. Qh4+ Kg7 63. Qd4+ f6 64. Kf3 Qb3+ 65. Kg2 Qc2+ 66. Kf3 Qf5+ 67. Kg2 Qg5+ 68. Kf3 Qf5+ 69. Kg2 Qe6 70. Qa7+ Kh6 71. Qd4 g5 72. Kg3 Kg6 73. Qd3+ f5 74. Kh2 Qe5+ 75. Kg1 Qe1+ 76. Kh2 Qf2+ 77. Kh1 Kh5 78. Qd6 f4 79. Qd7 Qe1+ 80. Kh2 Qe2+ 81. Kg1 Kh4 82. Qf5 Qe3+ 0-1

[Event "Alushta Summer 2nd"]
[Site "Alushta"]
[Date "2008.06.??"]
[Round "9"]
[White "Okara, Andrey"]
[Black "Shtyrenkov, Veniamen"]
[Result "1-0"]
[WhiteElo "2407"]
[BlackElo "2348"]
[PlyCount "141"]
[EventDate "2008.06.??"]
[EventType "tourn"]
[EventRounds "11"]
[EventCountry "UKR"]
[EventCategory "8"]
[SourceTitle "EXT 2009"]
[Source "ChessBase"]
[SourceDate "2008.11.26"]
[SourceVersion "1"]
[SourceVersionDate "2008.11.26"]
[SourceQuality "1"]

1. e4 e6 2. d4 d5 3. Nd2 Nf6 4. e5 Nfd7 5. f4 c5 6. c3 Nc6 7. Ndf3 f5 8. Ne2 Be7 9. Rg1 h5 10. g3 c4 11. h3 g6 12. Be3 Qc7 13. Qc2 Nb6 14. Kf2 Bd7 15. g4 hxg4 16. hxg4 0-0-0 17. gxf5 gxf5 18. Bg2 Rdf8 19. Rh1 Nd8 20. Ng5 Qc6 21. Rag1 Na4 22. Bc1 b5 23. Ng3 Kc7 24. Nh5 Kb7 25. Nf6 Nb6 26. Nfh7 Rfg8 27. Bf3 Bc8 28. Rh6 Bf8 29. Rh3 Be7 30. Rgh1 Rg7 31. R1h2 a5 32. Bd1 Nf7 33. Nf6 Rxh3 34. Rxh3 Nd8 35. Qe2 Nd7 36. Rh6 Nf7 37. Qh5 Nxh6 38. Qxh6 Bxf6 39. exf6 Rg8 40. Nf7 Kb8 41. Kf1 Qb6 42. Bd2 Qc7 43. Ne5 Qd6 44. f7 Rf8 45. Bh5 Kb7 46. Be1 Qe7 47. Qg5 Qd6 48. Bh4 Kc7 49. Qh6 b4 50. cxb4 axb4 51. Be1 Ba6 52. Kg2 Qe7 53. Qg5 Qd6 54. Kh3 Rb8 55. Nxd7 Kxd7 56. Qg7 Kc6 57. Qe5 Qxe5 58. fxe5 Kb5 59. Kh4 c3 60. bxc3 bxc3 61. Bxc3 Kc4 62. Ba5 Kxd4 63. Kg5 Ke3 64. Kf6 d4 65. Kxe6 f4 66. Kd7 Bc4 67. e6 f3 68. e7 Bxf7 69. Bxf7 f2 70. Bc4 d3 71. Bb6+ 1-0

[Event "Moscow Victory Day-A"]
[Site "Moscow"]
[Date "2008.04.26"]
[Round "3"]
[White "Bagirov, Rufat"]
[Black "Okara, Andrey"]
[Result "0-1"]
[WhiteElo "2488"]
[BlackElo "2407"]
[PlyCount "58"]
[EventDate "2008.04.24"]
[EventType "tourn"]
[EventRounds "13"]
[EventCountry "RUS"]
[EventCategory "7"]
[SourceTitle "CBM 124 Extra"]
[Source "ChessBase"]
[SourceDate "2008.07.03"]
[SourceVersion "1"]
[SourceVersionDate "2008.07.03"]
[SourceQuality "1"]

1. d4 d5 2. c4 dxc4 3. e3 e5 4. Bxc4 exd4 5. exd4 Nf6 6. Nf3 Be7 7. 0-0 0-0 8. Nc3 Nbd7 9. Re1 Nb6 10. Bb3 h6 11. Ne5 Nbd5 12. Qf3 Be6 13. Bd2 c6 14. Rad1 Bd6 15. Bc2 Re8 16. Qg3 Kf8 17. Ne4 Nxe4 18. Bxe4 f6 19. Bxh6 gxh6 20. Qh4 Bxe5 21. Qxh6+ Ke7 22. dxe5 fxe5 23. Bg6 Kd6 24. f4 Re7 25. f5 Qb6+ 26. Kh1 Rg8 27. f6 Rf7 28. Qh5 Rxf6 29. Bf7 Rf5 0-1

[Event "Moscow Victory Day-A"]
[Site "Moscow"]
[Date "2008.04.25"]
[Round "2"]
[White "Okara, Andrey"]
[Black "Khruschiov, Alexey"]
[Result "1-0"]
[WhiteElo "2407"]
[BlackElo "2514"]
[PlyCount "121"]
[EventDate "2008.04.24"]
[EventType "tourn"]
[EventRounds "13"]
[EventCountry "RUS"]
[EventCategory "7"]
[SourceTitle "CBM 124 Extra"]
[Source "ChessBase"]
[SourceDate "2008.07.03"]
[SourceVersion "1"]
[SourceVersionDate "2008.07.03"]
[SourceQuality "1"]

1. e4 c6 2. d4 d5 3. Nc3 a6 4. e5 c5 5. f4 cxd4 6. Qxd4 e6 7. Nf3 Nc6 8. Qf2 Bb4 9. Bd2 Nge7 10. Bd3 Bd7 11. a3 Ba5 12. b4 Bb6 13. Be3 Nc8 14. Ne2 Bxe3 15. Qxe3 Qb6 16. Kf2 Qc7 17. Rac1 Nb6 18. c4 Nxc4 19. Bxc4 dxc4 20. Rxc4 0-0 21. Rd1 Rfd8 22. Nc3 Be8 23. Rxd8 Qxd8 24. Ne4 Ne7 25. Nd6 Nf5 26. Nxf5 exf5 27. Qd4 g6 28. g3 h6 29. Ke3 Bb5 30. Qxd8+ Rxd8 31. Rc3 Rd1 32. Nd4 Ba4 33. Rc8+ Kg7 34. Rc7 Kf8 35. Rxb7 Ra1 36. e6 Rxa3+ 37. Kd2 fxe6 38. Nxe6+ Ke8 39. Nc7+ Kd8 40. Nxa6 Ra2+ 41. Ke3 Rxh2 42. Rg7 Be8 43. Nc5 Bc6 44. Rxg6 Kc7 45. Kd4 h5 46. Ke5 h4 47. gxh4 Rxh4 48. Ne6+ Kb8 49. Nd4 Bd7 50. Nxf5 Rh1 51. Nd4 Rb1 52. b5 Kc7 53. Rg7 Re1+ 54. Kd5 Rf1 55. f5 Kc8 56. Rf7 Rd1 57. Kc5 Kd8 58. Nc6+ Ke8 59. Re7+ Kf8 60. f6 Rd2 61. Nd8 1-0